Statistics for Keeper of the Lost Cities Quiz

Click here to take the quiz!

General Stats

  • This quiz has been taken 285 times
  • The average score is 23 of 28

Answer Stats

HintAnswer% Correct
VackerBiana
100%
VackerFitz
100%
FosterSophie
100%
DizzneeDex
99%
SencenKeefe
98%
VackerAlden
97%
SongTam
94%
SongLinh
93%
DizzneeBex
92%
RuewenGrady
91%
DizzneeLex
91%
DizzneeRex
91%
VackerAlvar
90%
VackerDella
90%
RuewenEdaline
90%
RedekMarella
86%
SencenCassius
85%
SencenGisela
83%
RuewenJolie
83%
EndalWylie
82%
EndalPrentice
76%
DizzneeKesler
65%
DizzneeJuline
63%
EndalCyrah
62%
SongMai
49%
RedekCaprise
44%
SongQuan
39%
RedekDurand
22%

Score Distribution

Percentile by Number Answered

Percent of People with Each Score

Your Score History

You have not taken this quiz